00931cam a2200265 a 4500001000400000003001000004005001700014008004100031020001800072040002500090080001700115090001700132245011500149260003800264300002000302504002500322650002800347650002700375650003800402650003500440700004400475942001200519952012100531999001300652237BR-CuiBMT20231030231416.0230905s2012 mgb 001 0 por d a9788577005727 aBR-CuiBMTcBR-CuiBMT 22007a347.93 a347.93bA91100aAudiências públicas e ativismo :bdiálogo social no STF /cVanice Regina Lírio do Valle, coordenadora. aBelo Horizonte :bFórum,c2012. a142 p. ;c22 cm aInclui bibliografia. aAudiências públicas aDireito constitucional aSupremo Tribunal Federal (Brasil) aCiência políticaxAtivismo1 aValle, Vanice Regina Lírio do4coord. 2udccLV 00102udc4070aBIBTCEMTbBIBTCEMTd2023-06-28l0o347.93 A911pBIBTCEMT23090017r2023-09-06tEx. 1w2023-09-06yLV c237d237